| 000 | 00338nam a2200109Ia 4500 | ||
|---|---|---|---|
| 008 | 220120s9999||||xx |||||||||||||| ||und|| | ||
| 100 | _aRamakrishna,Raghu, Gehrke, johannes | ||
| 245 | 0 | _aDatabase management sy em | |
| 260 |
_aTata mcgraw hill company Ltd _bNew Delhi _c2003 |
||
| 300 |
_a516p. _b0 |
||
| 650 | _aELECTRONICS AND COMMUNICATIONS | ||
| 999 |
_c132397 _d132397 |
||